As drama and theatre studies the essential introduction for Edexcel

保存先:
書誌詳細
第一著者: Perks, Alan, 1956- and Porteous, Jacqueline, 1961-
フォーマット: 図書
言語:英語
出版事項: Routledge, 2009.
タグ: タグ追加
タグなし, このレコードへの初めてのタグを付けませんか!

MARC

LEADER 00000nam a22000007a 4500
008 211029b ||||| |||| 00| 0 eng d
020 |a 9780415436595 
100 |a Perks, Alan, 1956- and Porteous, Jacqueline, 1961- 
245 |a As drama and theatre studies  |b the essential introduction for Edexcel  |c  Alan, Perks1956- and Jacqueline, Porteous 1961-  |g vi, 183 p. 
260 |b  Routledge,   |c 2009.  |h New York   |i 666677  |l PN 2037 .P36  |m Theater.   |m Theater--Production and direction.   |m Drama.  |m  Porteous, Jacqueline, 1961-  |m Title 
500 |a Includes bibliographical references and index. 
942 |a lcc  |c BK  |e Adeyeye Y,. S.  |f 29/10/21 
952 |0 0  |1 0  |2 lcc  |4 0  |6 PN2037 P36  |7 0  |9 3773  |a HOL  |b HOL  |c LP  |d 2021-10-29  |l 0  |o PN 2037 .P36  |p 2021-67505  |r 2021-10-29 00:00:00  |w 2021-10-29  |y BK 
999 |c 1882  |d 1882